| 000 | 00464nam a2200169 a 4500 | ||
|---|---|---|---|
| 020 | _a967992002X | ||
| 082 | 0 | 0 |
_a294.3 _bRAH |
| 100 | _aRahula, Walpola Sri | ||
| 245 | _aWhat the Buddha Taught | ||
| 260 |
_aKualalumpur, Malaysia _bBuddhist Missionar Society _c1978 |
||
| 300 | _a151p | ||
| 500 | _aincludes index and biblioraphy | ||
| 505 | 2 | _aSelected Bibliography, Index | |
| 650 | _aBuddhism-doctrine | ||
| 700 | 1 | _aRahula, Walpola Sri | |
| 942 | _cBK | ||
| 999 |
_c18251 _d18251 |
||